000 00307nam a2200109Ia 4500
008 171211s9999 xx 000 0 und d
245 _aMaking Movies: A Guide for Serious Amateurs
245 _cMaria Langer
260 _c2011
650 _xHobbies
856 _uhttp://down.ebook777.com/063/9781886637030.pdf
999 _c350334
_d350334